000 00635nam a22002297a 4500
001 1338
005 20230818085435.0
008 230818b cb ||||| |||| 00| 0 eng d
020 _a9789673310500
040 _aFISKH
_beng
_cFISKH
_dFISKH
050 _aPZ7
082 _a423.1
100 _aAnonymous
245 _aTransport & Occupation
260 _aSelangor :
_bMaxim,
_c[2015]
300 _a12 unnumbered pages :
_c18 cm
505 _aB
520 _aA children's picture dictionary of different occupations and transportation methods.
521 _a100
_bLexile estimate
521 _aB
_bRaz-Plus
942 _2ddc
_cBK
_n0
999 _c1338
_d1338